Loading...
| Literature - European | 1 | 7 | 0 | 1 | 85 | 79 | 120.63 | 6 | 8 | 0.00 | 0.00 |
| Literature - World | 0 | 6 | 0 | 2 | 60 | 99 | 117.33 | 4 | 6 | 0.00 | 0.00 |
| Fine Arts - Auditory | 0 | 6 | 0 | 0 | 60 | 111 | 122.33 | 5 | 6 | 0.00 | 0.00 |
| Literature - American | 0 | 6 | 1 | 1 | 55 | 116 | 129.83 | 2 | 6 | 0.00 | 0.00 |
| Science - Physics | 1 | 4 | 0 | 1 | 55 | 61 | 86.00 | 4 | 5 | 0.00 | 0.00 |
| Fine Arts - Visual | 0 | 3 | 0 | 1 | 30 | 104 | 127.33 | 1 | 3 | 0.00 | 0.00 |
| Mythology | 0 | 3 | 0 | 0 | 30 | 96 | 118.00 | 1 | 3 | 0.00 | 0.00 |
| Science - Biology | 0 | 3 | 1 | 0 | 25 | 86 | 103.33 | 2 | 3 | 0.00 | 0.00 |
| Philosophy | 0 | 3 | 2 | 0 | 20 | 112 | 125.33 | 2 | 3 | 0.00 | 0.00 |
| History - European | 0 | 2 | 0 | 1 | 20 | 108 | 109.00 | 0 | 2 | 0.00 | 0.00 |
| Literature - British | 0 | 2 | 1 | 0 | 15 | 130 | 136.00 | 2 | 2 | 0.00 | 0.00 |
| Fine Arts - Other | 0 | 2 | 1 | 0 | 15 | 144 | 144.00 | 0 | 2 | 0.00 | 0.00 |
| Pop Culture | 1 | 0 | 0 | 0 | 15 | 66 | 66.00 | 1 | 1 | 0.00 | 0.00 |
| Current Events | 0 | 1 | 0 | 0 | 10 | 74 | 74.00 | 0 | 1 | 0.00 | 0.00 |
| History - World | 0 | 1 | 0 | 0 | 10 | 66 | 66.00 | 1 | 1 | 0.00 | 0.00 |
| Science - Chemistry | 0 | 1 | 0 | 1 | 10 | 133 | 133.00 | 0 | 1 | 0.00 | 0.00 |
| Science - Other | 0 | 2 | 2 | 1 | 10 | 87 | 113.00 | 1 | 2 | 0.00 | 0.00 |
| Social Science | 0 | 1 | 0 | 0 | 10 | 126 | 126.00 | 0 | 1 | 0.00 | 0.00 |
| Religion | 0 | 1 | 1 | 1 | 5 | 129 | 129.00 | 0 | 1 | 0.00 | 0.00 |
| History - American | 0 | 1 | 1 | 1 | 5 | 126 | 126.00 | 1 | 1 | 0.00 | 0.00 |
| Social Science- Edited | 0 | 0 | 1 | 0 | -5 | 0.00 | 0 | 0 | 0.00 | 0.00 | |
| History - Other | 0 | 0 | 1 | 0 | -5 | 0.00 | 0 | 0 | 0.00 | 0.00 |